Nhàn trung vịnh cổ vịnh sử : Giáp Ất tập /
Сохранить в:
| Главный автор: | |
|---|---|
| Другие авторы: | , , , |
| Формат: | Sách giấy |
| Язык: | Vietnamese |
| Опубликовано: |
Sài Gòn :
Phủ Quốc vụ khanh Đặc trách Văn hóa,
1971.
|
| Метки: |
Добавить метку
Нет меток, Требуется 1-ая метка записи!
|
| Thư viện lưu trữ: | Thư viện Trường Đại học Đà Lạt |
|---|
| LEADER | 00875nam a2200325 4500 | ||
|---|---|---|---|
| 001 | DLU140160313 | ||
| 005 | ##20140227 | ||
| 040 | # | # | |a DLU |b vie |
| 041 | # | # | |a vie |
| 044 | # | # | |a vn |
| 082 | # | # | |a 895.922 1 |b Nha |
| 100 | # | # | |a Vỹ Khiêm. |
| 245 | # | # | |a Nhàn trung vịnh cổ vịnh sử : |b Giáp Ất tập / |c Vỹ Khiêm, Đức Đạt, ... [và những người khác] Lưu Minh Tâm dịch. |
| 260 | # | # | |a Sài Gòn : |b Phủ Quốc vụ khanh Đặc trách Văn hóa, |c 1971. |
| 300 | # | # | |a 869 tr. ; |c 24 cm. |
| 700 | # | # | |a Đức Đạt. |
| 700 | # | # | |a Mai Am. |
| 700 | # | # | |a Song Quỳnh. |
| 700 | # | # | |a Lưu Minh Tâm, |e dịch. |
| 923 | # | # | |a TL |
| 991 | # | # | |a SH |
| 992 | # | # | |a 1000 |
| 994 | # | # | |a DLU |
| 900 | # | # | |a True |
| 911 | # | # | |a Trương Thị Mỹ Lệ |
| 925 | # | # | |a G |
| 926 | # | # | |a A |
| 927 | # | # | |a SH |
| 980 | # | # | |a Thư viện Trường Đại học Đà Lạt |